[Event "Regionalliga Sued-Ost 1819"]
[Site "Bayern"]
[Date "2018.10.21"]
[Round "1.7"]
[White "Perinan Freire, Antonio Jesus"]
[Black "Angermaier, Georg"]
[Result "1/2-1/2"]
[WhiteElo "1946"]
[BlackElo "1930"]
[PlyCount "44"]
[EventDate "2018.10.21"]
[EventType "team-tourn"]
[EventRounds "9"]
[EventCountry "GER"]
[SourceTitle "EXT 2022"]
[Source "ChessBase"]
[SourceDate "2021.10.06"]
[SourceVersion "1"]
[SourceVersionDate "2021.10.06"]
[SourceQuality "1"]
[WhiteTeam "Ingolstadt"]
[BlackTeam "Bruckmühl SK"]
[WhiteTeamCountry "GER"]
[BlackTeamCountry "GER"]

1. e4 e6 2. d4 d5 3. exd5 exd5 4. Nf3 Bd6 5. Bd3 Bg4 6. 0-0 Ne7 7. Bg5 Nbc6 8. c3 Qd7 9. Nbd2 0-0 10. Qc2 h6 11. Be3 Nf5 12. Rae1 Rae8 13. Re2 Nce7 14. h3 Nxe3 15. fxe3 Be6 16. e4 Bf4 17. exd5 Nxd5 18. Nc4 c6 19. Nce5 Qc7 20. Rfe1 Bg3 21. Rf1 Bf4 22. Rfe1 Bg3 1/2-1/2

[Event "Cadiz op 17th"]
[Site "Cadiz"]
[Date "2010.07.05"]
[Round "2.4"]
[White "Perinan Freire, Antonio Jesus"]
[Black "Urbina Perez, Juan Antonio"]
[Result "0-1"]
[WhiteElo "1938"]
[BlackElo "2189"]
[PlyCount "45"]
[EventDate "2010.07.05"]
[EventType "swiss"]
[EventRounds "7"]
[EventCountry "ESP"]
[SourceTitle "EXT 2024"]
[Source "ChessBase"]
[SourceDate "2023.10.10"]
[SourceVersion "1"]
[SourceVersionDate "2023.10.10"]
[SourceQuality "1"]

1. e4 c5 2. Nc3 a6 3. g3 b5 4. Bg2 Bb7 5. f4 e6 6. d3 b4 7. Nce2 d5 8. exd5 Bxd5 9. Nf3 Nf6 10. 0-0 Be7 11. h3 0-0 12. g4 Nc6 13. Ng3 Nd4 14. g5 Nxf3+ 15. Bxf3 Ne8 16. Bxd5 Qxd5 17. Qg4 Nd6 18. Be3 c4 19. f5 exf5 20. Rxf5 Qe6 21. Bd4 g6 22. Raf1 Nxf5 23. Rxf5 0-1